Adaptívne logistické systémy: Softvérové služby
Softvérové služby pre logistiku a princípy využitia senzorov a senzorických sietí, internetu vecí a cloud computingu v logistike. Mobilná inteligentná robotika schopná vzájomne komunikovať a rozhodovať sa.
Guardado en:
| Autor principal: | |
|---|---|
| Otros Autores: | |
| Formato: | Capítulo de libro |
| Lenguaje: | eslovaco |
| Materias: | |
| Etiquetas: |
Sin Etiquetas, Sea el primero en etiquetar este registro!
|
MARC
| LEADER | 00000naa a2200000 4500 | ||
|---|---|---|---|
| 001 | 0221788 | ||
| 005 | 20231208114807.4 | ||
| 041 | 0 | |a slo | |
| 044 | |a SK | ||
| 245 | 1 | 0 | |a Adaptívne logistické systémy: Softvérové služby |c Milan Gregor, Tomáš Gregor |
| 520 | |a Softvérové služby pre logistiku a princípy využitia senzorov a senzorických sietí, internetu vecí a cloud computingu v logistike. Mobilná inteligentná robotika schopná vzájomne komunikovať a rozhodovať sa. | ||
| 610 | 2 | 0 | |a inžinierstvo znalostné |
| 610 | 2 | 0 | |a systémy logistické |
| 610 | 2 | 0 | |a systémy znalostné |
| 610 | 2 | 0 | |a robotizácia |
| 610 | 2 | 0 | |a automatizácia |
| 610 | 2 | 0 | |a roboty |
| 610 | 2 | 0 | |a softvér |
| 100 | 1 | |a Gregor, Milan | |
| 700 | 1 | |a Gregor, Tomáš | |